000 nam a22 a 4500
999 _c1114
_d1114
001 vtls000280640
003 AKMAL
005 20170508141034.0
008 170508s1999 my e 000 0 may d
020 _a9832149029 (kkt.):
_cRM15.00
020 _a9830612783 (kkt.)
040 _aAKMAL
082 0 4 _a297.3822 GHA
_221
090 0 0 _a297.3822
_bGHA
100 0 _aGhazzali,
_d1058-1111
_91520
245 1 0 _aRahsia solat /
_cHujjatul-Islam al-Imam Abu Hamid Muhamad bin Muhammad Al-Ghazali As-Syafi'i Al-Asy'ari
250 _aEd. terjemahan bahasa Malaysia
260 _aKuala Lumpur :
_bPenerbitan Darul Iman,
_c1999
300 _axi, 235ms. ;
_c23cm.
500 _aMengandungi ayat-ayat dari Quran
504 _aMengandungi rujukan bibliografi
650 1 0 _aPrayer
_xIslam
_91518
650 2 0 _aPillars of Islam
_9893
650 2 0 _aSalat
_92256
942 _2ddc
_cBOOK